[Event "Open"]
[Site "Thessaloniki GRE"]
[Date "2010.04.06"]
[Round "3"]
[White "Stella,A"]
[Black "Georgiev,Kr"]
[Result "0-1"]
[WhiteElo "2283"]
[BlackElo "2430"]

1.d4 Nf6 2.c4 g6 3.Nc3 Bg7 4.e4 d6 5.Be2 O-O 6.Nf3 e5 7.O-O Nc6 8.d5 Ne7
9.Nd2 a5 10.a3 Bd7 11.b3 Nc8 12.Bb2 Bh6 13.b4 Nb6 14.c5 axb4 15.axb4 Rxa1
16.Bxa1 Na4 17.Nxa4 Bxa4 18.Qxa4 Bxd2 19.b5 Nd7 20.c6 Nc5 21.Qc2 Qg5 22.cxb7 Ba5
23.g3 Bb6 24.Kg2 Qe7 25.f4 f6 26.Bg4 Nxb7 27.Be6+ Kh8 28.Qe2 Nc5 29.f5 Ra8
30.Bc3 Qg7 31.Ra1 Rxa1 32.Bxa1 Qh6 33.Bb2 Kg7 34.Ba3 Nb3 35.Qd3 Qd2+ 36.Qxd2 Nxd2  0-1

[Event "17th TCh-RUS Higher League"]
[Site "Dagomys RUS"]
[Date "2010.04.07"]
[Round "6"]
[White "Pogosian,G"]
[Black "Lyaskovsky,Va"]
[Result "0-1"]
[WhiteElo "2181"]
[BlackElo "2271"]

1.d4 Nf6 2.c4 g6 3.Nc3 Bg7 4.e4 d6 5.Be2 O-O 6.Nf3 e5 7.O-O Nc6 8.d5 Ne7
9.Ne1 Nd7 10.Nd3 f5 11.f3 f4 12.Bd2 g5 13.Nf2 h5 14.b4 Rf7 15.c5 Nf6 16.cxd6 cxd6
17.h3 Bf8 18.Qc2 Rg7 19.Rfc1 g4 20.fxg4 hxg4 21.hxg4 Nxg4 22.Bxg4 Bxg4 23.Nxg4 Rxg4
24.Qd1 Rg7 25.Be1 Ng6 26.Qg4 Be7 27.a4 Nh4 28.Qe6+ Kh8 29.Bxh4 Bxh4 30.Nd1 Qb6+
31.Kf1 f3 32.g4 Qxb4 33.Qh6+ Rh7 34.Qe3 Bg5 35.Qxf3 Bxc1 36.Rxc1 Kg8 37.Ne3 Qa3  0-1

[Event "6th TCh-CHN"]
[Site "Ningbo CHN"]
[Date "2010.04.17"]
[Round "2"]
[White "Ju Wenjun"]
[Black "Tan Zhongyi"]
[Result "1-0"]
[WhiteElo "2500"]
[BlackElo "2464"]

1.d4 Nf6 2.c4 g6 3.Nc3 Bg7 4.e4 d6 5.Be2 O-O 6.Nf3 e5 7.O-O Nc6 8.d5 Ne7
9.Ne1 Nd7 10.f3 f5 11.Bg5 h6 12.Be3 f4 13.Bf2 g5 14.Rc1 Ng6 15.b4 Nf6 16.c5 Rf7
17.Qc2 g4 18.fxg4 Nxg4 19.Bxg4 Bxg4 20.h3 Bh5 21.Kh2 Bf6 22.Nb5 f3 23.Be3 a6
24.Na3 Bg5 25.Qd2 Rf4 26.Nxf3 Bxf3 27.Rxf3 Rxf3 28.Bxg5 Rxh3+ 29.gxh3 hxg5
30.Rg1 Nf4 31.Qd1 Kf7 32.Qg4 Qf6 33.Qxg5 Qxg5 34.Rxg5 a5 35.b5 Rh8 36.Rg3 dxc5
37.Nc4 Kf6 38.Ne3 Rh5 39.Nc4 Rh8 40.a4 b6 41.d6 cxd6 42.Nxb6 Ke6 43.Nc4 d5
44.exd5+ Kxd5 45.Nxa5 c4 46.Rc3 e4 47.b6 Kc5 48.b7 Kb4 49.Rxc4+ Kxa5 50.Rc8 Rxh3+
51.Kg1 Rg3+ 52.Kf2 Rf3+ 53.Ke1 Ng2+ 54.Kd1 Ne3+ 55.Ke2  1-0

[Event "9th Open"]
[Site "Malakoff FRA"]
[Date "2010.04.21"]
[Round "6"]
[White "Rusev,R1"]
[Black "Diamant,A"]
[Result "0-1"]
[WhiteElo "2241"]
[BlackElo "2486"]

1.d4 Nf6 2.c4 g6 3.Nc3 Bg7 4.e4 d6 5.Nf3 O-O 6.Be2 e5 7.O-O Nc6 8.d5 Ne7
9.Ne1 Nd7 10.Nd3 f5 11.Bd2 Nf6 12.f3 f4 13.c5 g5 14.Rc1 Ng6 15.Nb5 Rf7 16.Ba5 b6
17.cxd6 cxd6 18.Be1 g4 19.Nb4 g3 20.hxg3 fxg3 21.Nc6 Qf8 22.Bxg3 Bh6 23.Rc3 Bf4
24.Bxf4 Nxf4 25.g3 Nh3+ 26.Kg2 Rg7 27.Rh1 Nxe4 28.Ne7+ Rxe7 29.Rxc8 Nf4+
30.gxf4 Rg7+ 31.Kf1 Rxc8 32.fxe4 Qxf4+ 33.Ke1 Rc1 34.Nxd6 Rxd1+ 35.Kxd1 Rc7
36.Rg1+ Kh8 37.Bc4 Qf3+ 38.Ke1 Rxc4  0-1

[Event "Open"]
[Site "Bar MNE"]
[Date "2010.04.22"]
[Round "7"]
[White "Tosic,M"]
[Black "Bozovic,N"]
[Result "1-0"]
[WhiteElo "2439"]
[BlackElo "2265"]

1.Nf3 Nf6 2.d4 g6 3.c4 Bg7 4.Nc3 O-O 5.e4 d6 6.Be2 e5 7.O-O Nc6 8.d5 Ne7
9.Bg5 h6 10.Bxf6 Bxf6 11.b4 Bg7 12.c5 f5 13.Nd2 fxe4 14.Ndxe4 Nf5 15.Bg4 Nd4
16.Bxc8 Rxc8 17.Qg4 Kh7 18.Rae1 Rf4 19.Qh3 Ra8 20.Qd3 a5 21.bxa5 Rxa5 22.cxd6 cxd6
23.h4 Rf7 24.Rb1 Ra8 25.Rb4 Rc8 26.Rfb1 Rcc7 27.Nb5 Rcd7 28.Nxd4 exd4 29.g3 Qa5
30.Rb5 Qa4 31.h5 Kg8 32.Qe2 Rde7 33.Qd3 Rd7 34.Kg2 Qa8 35.Rb6 Qxa2 36.R6b5 Qa8
37.R1b2 Qa6 38.Nd2 Rf5 39.Nc4 Qa1 40.Rxb7 Rxb7 41.Rxb7 Qc3 42.Qe2 d3 43.Qe6+ Kh7
44.Nxd6 Rf6 45.Rxg7+ Kxg7 46.Ne8+ Kf8 47.Nxf6  1-0

[Event "Venka & Antonia Ivanova Mem"]
[Site "Sofia BUL"]
[Date "2010.04.22"]
[Round "3"]
[White "Vasilev,VasilA"]
[Black "Ivanov,StojanE"]
[Result "1-0"]
[WhiteElo "2366"]
[BlackElo "2209"]

1.Nf3 Nf6 2.c4 g6 3.Nc3 Bg7 4.e4 d6 5.d4 O-O 6.Be2 e5 7.O-O Nc6 8.d5 Ne7
9.b4 Nh5 10.Re1 f5 11.Ng5 Nf4 12.Bxf4 exf4 13.Rc1 fxe4 14.Bg4 Nf5 15.Ncxe4 h6
16.Ne6 Bxe6 17.dxe6 Qe7 18.c5 Rad8 19.cxd6 cxd6 20.Nc3 Be5 21.Nd5 Qxe6 22.Rc7 Rf7
23.Bxf5 gxf5 24.Nxf4 Qf6 25.Rxf7 Kxf7 26.Qd5+ Ke8 27.Qg8+ Kd7 28.Qh7+ Kc6
29.Rc1+ Bc3 30.b5+ Kc5 31.Rxc3+ Qxc3 32.Qc7+ Kd4 33.Ne2+  1-0

[Event "ACP Rapid Qualifier"]
[Site "Odessa UKR"]
[Date "2010.04.28"]
[Round "2.1"]
[White "Savchenko,S"]
[Black "Golubev,M"]
[Result "1-0"]
[WhiteElo "2545"]
[BlackElo "2492"]

1.d4 Nf6 2.c4 g6 3.Nc3 Bg7 4.e4 d6 5.Nf3 O-O 6.Be2 e5 7.O-O Nc6 8.d5 Ne7
9.b4 Nh5 10.Re1 a5 11.Ba3 Nf4 12.c5 axb4 13.Bxb4 Bg4 14.h3 Bh5 15.Nh2 Nxe2+
16.Nxe2 Bxe2 17.Rxe2 f5 18.Nf3 Bh6 19.Bd2 fxe4 20.Rxe4 Bxd2 21.Qxd2 dxc5
22.Rxe5 Nf5 23.Rae1 Ra4 24.Ng5 Nd4 25.Nxh7 Nc6 26.Re8 Kxh7 27.Rxd8 Nxd8 28.Re7+ Rf7
29.Qg5 Ra6 30.Re8  1-0

[Event "ch-CZE"]
[Site "Ostrava CZE"]
[Date "2010.05.02"]
[Round "2"]
[White "Obsivac,J"]
[Black "Talla,V"]
[Result "0-1"]
[WhiteElo "2295"]
[BlackElo "2505"]

1.d4 Nf6 2.c4 g6 3.Nc3 Bg7 4.e4 d6 5.Nf3 O-O 6.Be2 e5 7.O-O Nc6 8.d5 Ne7
9.b4 Nh5 10.Re1 a5 11.bxa5 Rxa5 12.a4 c5 13.Ra3 Nf6 14.Rf1 Nd7 15.Ne1 f5
16.exf5 Nxf5 17.Ne4 h6 18.g4 Nd4 19.Nxd6 Nb6 20.Nxc8 Qxc8 21.Nc2 Nxe2+ 22.Qxe2 Rxa4
23.Rxa4 Nxa4 24.f3 Nc3 25.Qg2 e4 26.fxe4 Rxf1+ 27.Kxf1 Qe8 28.Bb2 Nxe4 29.Bxg7 Kxg7
30.Qe2 Qe5 31.Ne3 Qc3 32.Kg2 Qd2 33.Qxd2 Nxd2 34.h4 Kf6 35.Kg3 Ke5 36.h5 Ne4+
37.Kf3 g5 38.Ke2 Nd6 39.Kf3 Kd4 40.Ke2 Ke4 41.Kd2 Kf4 42.Kd3 b6 43.Kd2 b5
44.cxb5 Nxb5 45.Kd3 Nd6 46.Nc4 Nf7 47.d6 Kxg4 48.Ke4 Nxd6+ 49.Nxd6 Kxh5 50.Nf5 Kg6
51.Nd6 h5 52.Kd5 h4 53.Kxc5 h3 54.Ne4 Kf5 55.Kd4 Kf4 56.Kd3 h2 57.Nf2 Kf3  0-1

[Event "ch-CZE"]
[Site "Ostrava CZE"]
[Date "2010.05.07"]
[Round "7"]
[White "Firt,S"]
[Black "Talla,V"]
[Result "0-1"]
[WhiteElo "2331"]
[BlackElo "2505"]

1.Nf3 Nf6 2.c4 g6 3.Nc3 Bg7 4.e4 d6 5.d4 O-O 6.Be2 e5 7.O-O Nc6 8.d5 Ne7
9.b4 Nh5 10.g3 f5 11.Ng5 Nf6 12.f3 c6 13.Qb3 h6 14.Ne6 Bxe6 15.dxe6 Qc8 16.b5 Qxe6
17.Ba3 c5 18.Rad1 Rae8 19.Bc1 fxe4 20.fxe4 Kh7 21.Kg2 Nc8 22.a4 h5 23.h3 Bh6
24.Qc2 Rf7 25.g4 Bxc1 26.Qxc1 Rff8 27.Qg5 hxg4 28.Bxg4 Qe7 29.h4 Nxg4 30.Qxg4 Rxf1
31.Rxf1 Nb6 32.h5 Rg8 33.Rh1 g5 34.Qf5+ Kh8 35.h6 Rf8 36.Qg4 Qf6 37.Qe2 g4
38.a5 Qf3+ 39.Qxf3 gxf3+ 40.Kf2 Nxc4 41.a6 bxa6 42.bxa6 Kh7 43.Rb1 Kxh6 44.Rb7 Ne3  0-1

[Event "ch-UKR"]
[Site "Alushta UKR"]
[Date "2010.05.08"]
[Round "6"]
[White "Gavrish,L"]
[Black "Andreev,Vo"]
[Result "0-1"]
[WhiteElo "2205"]
[BlackElo "1999"]

1.d4 Nf6 2.c4 g6 3.Nc3 Bg7 4.e4 d6 5.Nf3 O-O 6.Be2 e5 7.O-O Nc6 8.d5 Ne7
9.Ne1 Ne8 10.Nd3 f5 11.f3 f4 12.c5 g5 13.cxd6 cxd6 14.Bd2 Ng6 15.Rc1 h5 16.Nf2 Rf7
17.Qb3 Bf8 18.Rc2 Nf6 19.h3 Rg7 20.Rfc1 a6 21.Na4 b5 22.Nb6 Qxb6 23.Rxc8 Rxc8
24.Rxc8 g4 25.Kf1 gxf3 26.Bxf3 Nh4 27.Rc6 Qa7 28.Qa3 Nxf3 29.gxf3 Rg3 30.Rxa6 Qg7
31.Rc6 Nxe4 32.Nxe4 Rg1+ 33.Ke2 Qg2+ 34.Kd3 Qxf3+ 35.Kc2 Qxe4+ 36.Qd3 Qa4+
37.Qb3 f3 38.Qxa4 bxa4 39.Be3 f2 40.Bxf2 Rg2 41.Rc4 Rxf2+ 42.Kc3 a3 43.bxa3 Rxa2
44.a4 Ra3+ 45.Kb4 Rxh3 46.a5 Rh1 47.a6 Ra1 48.Kb5 Bh6 49.Rh4 Be3 50.Rxh5 Kf7
51.Rh7+ Kg6 52.Rh8 Kf5 53.Ra8 Ke4 54.Kc6 Bc5  0-1

[Event "ch-UKR"]
[Site "Alushta UKR"]
[Date "2010.05.09"]
[Round "7"]
[White "Vypkhanyuk,I"]
[Black "Lysak,I"]
[Result "1-0"]
[WhiteElo "2276"]
[BlackElo "2337"]

1.Nf3 Nf6 2.c4 g6 3.Nc3 Bg7 4.d4 d6 5.e4 O-O 6.Be2 e5 7.O-O Nc6 8.d5 Ne7
9.Ne1 Nd7 10.f3 f5 11.Be3 f4 12.Bf2 g5 13.Rc1 Ng6 14.c5 Nf6 15.a4 Rf7 16.cxd6 cxd6
17.b4 Bf8 18.a5 Rg7 19.Kh1 h5 20.Nb5 g4 21.Bxa7 Rxa7 22.Nxa7 Bd7 23.Bb5 g3
24.Bxd7 Nxd7 25.h3 Nf6 26.Qc2 Nh7 27.Qc8 Qh4 28.Rc7 Ne7 29.Qe6+ Kh8 30.Nc8 Rg6
31.Qd7 Rg7 32.Nxe7 Bxe7 33.Qe8+ Nf8 34.Rxb7  1-0

[Event "ch-UKR"]
[Site "Alushta UKR"]
[Date "2010.05.09"]
[Round "7"]
[White "Najgebauer,S"]
[Black "Biriukov,N"]
[Result "0-1"]
[WhiteElo "2233"]
[BlackElo "2325"]

1.d4 Nf6 2.Nf3 g6 3.c4 Bg7 4.Nc3 O-O 5.e4 d6 6.Be2 e5 7.O-O Nc6 8.d5 Ne7
9.b4 Ne8 10.c5 Kh8 11.a4 Ng8 12.Ba3 f5 13.Nd2 Rf7 14.Nc4 Ngf6 15.f3 Nh5 16.Re1 Bh6
17.Bf1 Nhf6 18.Ra2 f4 19.a5 Bg5 20.b5 b6 21.cxd6 cxd6 22.axb6 axb6 23.Na4 Rb8
24.Bxd6 Nxd6 25.Nxe5 Bb7 26.Nxf7+ Nxf7 27.Qd4 Bh6 28.Qxb6 Qe7 29.Rc1 Ne8
30.Nc5 Bg7 31.Ne6 Be5 32.Ra7 Nfd6 33.Kh1 Qh4 34.Qa5 g5 35.Nf8 Bd4 36.Ne6 Be5
37.Nd8 Qf2 38.Ne6 g4 39.b6 gxf3 40.gxf3 Nf6 41.Qc5 Qxf3+ 42.Bg2 Qh5 43.Qc7 Rg8
44.h3 f3 45.Bf1 Ndxe4  0-1

[Event "ch-Commonwealth"]
[Site "Delhi IND"]
[Date "2010.05.12"]
[Round "4"]
[White "Lalith,B"]
[Black "Sai,KG"]
[Result "1-0"]
[WhiteElo "2493"]
[BlackElo "2282"]

1.Nf3 Nf6 2.c4 g6 3.Nc3 Bg7 4.e4 d6 5.d4 O-O 6.Be2 e5 7.O-O Nc6 8.d5 Ne7
9.b4 Nh5 10.Re1 f5 11.Ng5 Nf6 12.Bf3 c6 13.Be3 h6 14.Ne6 Bxe6 15.dxe6 fxe4
16.Nxe4 Nxe4 17.Bxe4 d5 18.cxd5 cxd5 19.Bc2 b6 20.Ba4 Qd6 21.Bd7 Qxb4 22.Rb1 Qh4
23.f3 e4 24.g3 Qh3 25.fxe4 Be5 26.Qe2 dxe4 27.Qg2 Qg4 28.Bxh6 Rf3 29.Rb4 Bxg3
30.Rbxe4 Bf2+ 31.Kh1 Qxg2+ 32.Kxg2 Bxe1 33.Kxf3 Bc3 34.Rc4 Bf6 35.Bf4 g5
36.Bc1 Ng6 37.Ke4 Be7 38.Kf5 Kg7 39.Rc7 Rf8+ 40.Ke4 Kh6 41.Be3 Bd6 42.Rxa7 Bxh2
43.Bxb6 Bd6 44.Be3 Kh5 45.Bb5 Be7 46.Bd3 Kh4 47.Kd5 Rd8+ 48.Rd7 Nf8 49.Rxd8 Bxd8
50.Bc5 Nxe6 51.Kxe6 Ba5 52.Kf5 g4 53.Be2 g3 54.Bf1  1-0

[Event "ch-Commonwealth"]
[Site "Delhi IND"]
[Date "2010.05.12"]
[Round "5"]
[White "Rajesh,VA"]
[Black "Nazarov,R"]
[Result "1-0"]
[WhiteElo "2302"]
[BlackElo "1920"]

1.d4 Nf6 2.c4 g6 3.Nc3 Bg7 4.e4 d6 5.Nf3 O-O 6.Be2 e5 7.O-O Nc6 8.d5 Ne7
9.b4 a5 10.bxa5 Rxa5 11.Nd2 Nd7 12.a4 b6 13.Nb3 Ra8 14.a5 bxa5 15.Nxa5 Ba6
16.Be3 f5 17.f3 Nf6 18.Nc6 Nxc6 19.dxc6 Kh8 20.Nd5 fxe4 21.fxe4 Nxd5 22.Rxf8+ Qxf8
23.exd5 Bh6 24.Bf2 e4 25.Bd4+ Bg7 26.Ra4 Bxd4+ 27.Qxd4+ Kg8 28.Bg4 h5 29.Be6+ Kh7
30.Qxe4 Bb7 31.Rxa8 Bxa8 32.Qf3 Qb8 33.h4 Qb1+ 34.Kh2 Qb2 35.Qf7+ Qg7 36.Kg3 Qxf7
37.Bxf7 Kg7 38.Be8 Kf6 39.Kf4  1-0

[Event "ch-Commonwealth"]
[Site "Delhi IND"]
[Date "2010.05.15"]
[Round "8"]
[White "Lalith,B"]
[Black "Rajesh,VA"]
[Result "1-0"]
[WhiteElo "2493"]
[BlackElo "2302"]

1.d4 Nf6 2.c4 g6 3.Nc3 Bg7 4.e4 d6 5.Nf3 O-O 6.Be2 e5 7.O-O Nc6 8.d5 Ne7
9.b4 Nh5 10.Re1 f5 11.Ng5 Nf6 12.Bf3 c6 13.Be3 h6 14.Ne6 Bxe6 15.dxe6 fxe4
16.Nxe4 Nxe4 17.Bxe4 d5 18.cxd5 cxd5 19.Bc2 b6 20.Qg4 e4 21.Rad1 Qc7 22.Ba4 Rf5
23.Bd7 Raf8 24.b5 Qc3 25.Qe2 Qe5 26.Qd2 Qd6 27.h3 g5 28.a4 Qa3 29.Qc2 Qc3
30.Qxc3 Bxc3 31.Re2 d4 32.Rxd4 Bxd4 33.Bxd4 Rd5 34.Bc3 Rd1+ 35.Kh2 Rd8 36.Bf6 R8xd7
37.exd7 Rxd7 38.Rxe4 Nd5 39.Bb2 Kf7 40.Rc4 Nf4 41.Bc1 Ne6 42.Be3 Rd3 43.h4 Ra3
44.hxg5 hxg5 45.Kg3 Kf6 46.Kg4 Ke5 47.Bxg5 Kd5 48.Rb4 Kc5 49.Be7+ Kd5 50.Rd4+ Nxd4
51.Bxa3 Nc2 52.Bc1  1-0

[Event "ch-Commonwealth"]
[Site "Delhi IND"]
[Date "2010.05.16"]
[Round "9"]
[White "Pogorelov,R"]
[Black "Singh,SV"]
[Result "1-0"]
[WhiteElo "2454"]
[BlackElo "2218"]

1.Nf3 Nf6 2.c4 g6 3.Nc3 Bg7 4.e4 d6 5.d4 O-O 6.Be2 e5 7.O-O Nc6 8.d5 Ne7
9.Bg5 h6 10.Bxf6 Bxf6 11.b4 Bg7 12.c5 c6 13.Rc1 b6 14.dxc6 Nxc6 15.b5 Nd4
16.c6 a6 17.Nxd4 exd4 18.Nd5 axb5 19.c7 Qg5 20.f4 Qh4 21.g3 Qh3 22.f5 Ra3
23.Nf4 Rxg3+ 24.hxg3 Qxg3+ 25.Ng2 Be5 26.Rf3 Qh2+ 27.Kf2 d5 28.exd5 Bxc7
29.Qxd4 Bxf5 30.Qh4 Qe5 31.Qxh6 Bd6 32.Rh1 Bc5+ 33.Ne3 Qg7 34.Rxf5 Qxh6 35.Rxh6 gxf5
36.Kf3 Rd8 37.Bxb5  1-0

[Event "TCh-UKR Clubs"]
[Site "Alushta UKR"]
[Date "2010.05.17"]
[Round "7"]
[White "Savchenko,S"]
[Black "Martiyan,A"]
[Result "1-0"]
[WhiteElo "2553"]
[BlackElo "2171"]

1.Nf3 Nf6 2.c4 g6 3.Nc3 Bg7 4.e4 d6 5.d4 O-O 6.Be2 e5 7.O-O Nc6 8.d5 Ne7
9.b4 Nh5 10.Re1 a5 11.bxa5 f5 12.Nd2 Nf4 13.Bf1 fxe4 14.Ndxe4 Rxa5 15.a4 Nf5
16.Nb5 Nd4 17.Nxd4 exd4 18.Bxf4 Rxf4 19.Qd2 Rxe4 20.Rxe4 b6 21.Bd3 Bf5 22.Re2 Bg4
23.f3 Bd7 24.f4 Bf6 25.h3 Qa8 26.g4 Rxa4 27.Rxa4 Qxa4 28.Kg2 Qa8 29.Kh2 Qd8
30.g5 Bg7 31.Qe1 Bf8 32.Qg3 Bg7 33.Re1 Qa8 34.h4 b5 35.cxb5 Qxd5 36.Qg2 Qf7
37.Qf3 Be6 38.Kg3 d5 39.Qe2 Bd7 40.Qe7 Bf8 41.Qxf7+ Kxf7 42.h5 Bd6 43.h6 Bc5
44.Ra1 Be8 45.Ra8 Bf8 46.Ra7  1-0

[Event "4th All China Games Rapid"]
[Site "Hefei CHN"]
[Date "2010.05.17"]
[Round "2"]
[White "Wang Li"]
[Black "Ding Liren"]
[Result "1/2-1/2"]
[WhiteElo "2390"]
[BlackElo "2530"]

1.d4 Nf6 2.c4 g6 3.Nc3 Bg7 4.e4 d6 5.Nf3 O-O 6.Be2 e5 7.O-O Nc6 8.d5 Ne7
9.Ne1 Nd7 10.f3 f5 11.Bg5 f4 12.Nd3 Bf6 13.Bxf6 Nxf6 14.c5 g5 15.Nf2 h5 16.h3 Rf7
17.cxd6 cxd6 18.Rc1 Ng6 19.Qd3 a6 20.Rc2 Nh4 21.Rfc1 Rg7 22.Qd1 Bd7 23.Nb1 g4
24.fxg4 hxg4 25.Bxg4 Nxg4 26.hxg4 Nxg2 27.Kxg2 Bxg4 28.Nxg4 Qh4 29.Kf1 Qh3+
30.Kf2 Qg3+ 31.Kf1 Qh3+ 32.Kg1 f3  1/2-1/2

[Event "4th All China Games Rapid"]
[Site "Hefei CHN"]
[Date "2010.05.18"]
[Round "4"]
[White "Huang Qian"]
[Black "Ju Wenjun"]
[Result "0-1"]
[WhiteElo "2437"]
[BlackElo "2500"]

1.d4 Nf6 2.c4 g6 3.Nc3 Bg7 4.Nf3 O-O 5.e4 d6 6.Be2 e5 7.O-O Nc6 8.d5 Ne7
9.b4 Nh5 10.Re1 f5 11.Ng5 Nf6 12.Bf3 c6 13.Be3 h6 14.Ne6 Bxe6 15.dxe6 fxe4
16.Nxe4 Nxe4 17.Bxe4 d5 18.Bc2 b6 19.Qg4 Rf6 20.b5 Qc8 21.bxc6 d4 22.Bd2 Qxe6
23.Qxe6+ Rxe6 24.Be4 Kh8 25.f4 exf4 26.c7 Re8 27.Bb7 Re3 28.Bxe3 fxe3 29.Rad1 Be5
30.Rxe3 dxe3 31.Rd8 Rg8 32.c8=Q Nxc8 33.Rxc8 Rxc8 34.Bxc8 Bxh2+ 35.Kf1 Bd6
36.Ke2 Bc5 37.Bb7 Kg7 38.Be4 Kf6 39.Kf3 h5 40.Bd3 Ke5 41.Bxg6 h4 42.Bd3 Kd4
43.Be2 Kc3 44.Kg4 Kb2 45.Kxh4 Kxa2 46.Kg4 Kb3 47.Kf3 a5 48.g4 a4 49.Bd1+ Kb4
50.Bc2 a3 51.Bb1 Kb3 52.g5 Kb2  0-1

[Event "Chladek & Tintera Open"]
[Site "Hradec Kralove CZE"]
[Date "2010.05.18"]
[Round "4"]
[White "Plischki,S"]
[Black "Preiser,H"]
[Result "1-0"]
[WhiteElo "2381"]
[BlackElo "1922"]

1.c4 Nf6 2.Nf3 g6 3.Nc3 Bg7 4.e4 d6 5.d4 O-O 6.Be2 Nc6 7.O-O e5 8.d5 Ne7
9.b4 b6 10.Nd2 Ne8 11.c5 bxc5 12.bxc5 f5 13.Ba3 fxe4 14.Ndxe4 Bf5 15.Qd2 Bxe4
16.Nxe4 Nf5 17.Rab1 Qh4 18.Bd3 Bh6 19.Qd1 Bf4 20.g3 Qh3 21.Re1 Nd4 22.Bf1 Qh6
23.Bg2 Bg5 24.cxd6 cxd6 25.Nxd6 Be7 26.Nxe8 Bxa3 27.Nc7 Bd6 28.Nxa8  1-0

[Event "Campomanes Mem WIM"]
[Site "Ankara TUR"]
[Date "2010.05.19"]
[Round "6"]
[White "Tsatsalashvili,K"]
[Black "Patel,Y"]
[Result "1-0"]
[WhiteElo "2257"]
[BlackElo "1782"]

1.d4 Nf6 2.c4 g6 3.Nc3 Bg7 4.e4 d6 5.Nf3 O-O 6.Be2 e5 7.O-O Nc6 8.d5 Ne7
9.Nd2 a5 10.a3 Nd7 11.Rb1 f5 12.b4 Nf6 13.f3 f4 14.c5 g5 15.cxd6 cxd6 16.bxa5 Ng6
17.Nc4 Rf7 18.Bd2 Bf8 19.Re1 h5 20.Nb5 g4 21.Nb6 gxf3 22.Bxf3 Bg4 23.Nxa8 Qxa8
24.Qe2 Nh4 25.Kh1 Qd8 26.Rbc1 Rg7 27.Rg1 Nh7 28.Be1 Qg5 29.Bf2 Nf6 30.Rc7 Rxc7
31.Nxc7 Bc8 32.Ne6 Bxe6 33.dxe6 Ng4 34.Bxh4 Qxh4 35.Bxg4 hxg4 36.g3 f3 37.gxh4 fxe2
38.Re1 Be7 39.Rxe2 Bxh4 40.Rb2 Be1 41.Rxb7 Bxa5 42.Rb8+  1-0

[Event "BSG Pinkster GpA"]
[Site "Bossum NED"]
[Date "2010.05.22"]
[Round "2"]
[White "Witt,Rob"]
[Black "Bitalzadeh,A"]
[Result "0-1"]
[WhiteElo "2221"]
[BlackElo "2420"]

1.d4 Nf6 2.c4 g6 3.Nc3 Bg7 4.e4 d6 5.Nf3 O-O 6.Be2 e5 7.O-O Nc6 8.d5 Ne7
9.Ne1 Nd7 10.f3 f5 11.Be3 f4 12.Bf2 g5 13.a4 a5 14.Nd3 b6 15.Be1 Nf6 16.Nf2 h5
17.h3 Kh8 18.Nb5 Neg8 19.b4 Rf7 20.bxa5 bxa5 21.Bc3 Nh6 22.Qd2 g4 23.Rfc1 gxh3
24.gxh3 Nh7 25.Bf1 Qh4 26.Bg2 Ng5 27.Kf1 Qg3 28.Qe2 Bf6 29.h4 Qxh4 30.Qd3 Rg7
31.Ke2 Nxe4 32.Nxe4 Rxg2+ 33.Kd1 Qh1+ 34.Be1 Bh4  0-1

[Event "34th Open"]
[Site "Fourmies FRA"]
[Date "2010.05.23"]
[Round "5"]
[White "Houriez,C"]
[Black "Van den Bergh,P"]
[Result "1-0"]
[WhiteElo "2262"]
[BlackElo "2077"]

1.d4 Nf6 2.c4 g6 3.Nc3 Bg7 4.e4 d6 5.Nf3 O-O 6.Be2 e5 7.O-O Nc6 8.d5 Ne7
9.Nd2 a5 10.a3 Nd7 11.Rb1 f5 12.b4 b6 13.Qc2 Nf6 14.c5 fxe4 15.Ndxe4 axb4
16.axb4 Nxe4 17.Nxe4 Kh8 18.Rd1 Bf5 19.Bf3 Ra7 20.Be3 bxc5 21.bxc5 Ra5 22.cxd6 cxd6
23.Bb6 Qa8 24.Bxa5 Qxa5 25.Ra1 Qb6 26.Qb1 Qxb1 27.Raxb1 Bxe4 28.Bxe4 Nf5
29.Rb6 Rd8 30.Rdb1 Kg8 31.Rb8 Rxb8 32.Rxb8+ Bf8 33.Bxf5 gxf5 34.Re8 Kf7 35.Re6 Be7
36.f3 h5 37.g3 Bf8 38.Kg2  1-0

[Event "2nd SCS Open"]
[Site "Bhubaneswar IND"]
[Date "2010.05.26"]
[Round "7"]
[White "Rajesh,VA"]
[Black "Ashwin,J"]
[Result "0-1"]
[WhiteElo "2302"]
[BlackElo "2457"]

1.d4 Nf6 2.c4 g6 3.Nc3 Bg7 4.e4 d6 5.Nf3 O-O 6.Be2 e5 7.O-O Nc6 8.d5 Ne7
9.b4 Nh5 10.Re1 a5 11.bxa5 Rxa5 12.Nd2 Nf4 13.Bf1 b6 14.Nb3 Ra8 15.a4 Bd7
16.Be3 f5 17.f3 g5 18.a5 bxa5 19.Nxa5 g4 20.fxg4 fxg4 21.c5 Neg6 22.c6 Bc8
23.Qd2 Nh4 24.Ne2 Ba6 25.Kh1 Qf6 26.Nb3 Bxe2 27.Bxe2 Nhxg2 28.Rxa8 Rxa8 29.Rf1 Qg6
30.Bd3 Ra3 31.Bc2  0-1

[Event "2nd Kahraman Olgac Mem"]
[Site "Instanbul TUR"]
[Date "2010.05.26"]
[Round "6"]
[White "Tsatsalashvili,K"]
[Black "Erdogdu,M"]
[Result "1/2-1/2"]
[WhiteElo "2257"]
[BlackElo "2458"]

1.d4 Nf6 2.c4 g6 3.Nc3 Bg7 4.e4 d6 5.Nf3 O-O 6.Be2 e5 7.O-O Nc6 8.d5 Ne7
9.Nd2 a5 10.Rb1 Nd7 11.a3 f5 12.b4 axb4 13.axb4 Nf6 14.c5 Bh6 15.cxd6 cxd6
16.f3 Bd7 17.Kh1 Rc8 18.Nc4 Bxc1 19.Rxc1 Ne8 20.b5 fxe4 21.fxe4 Rxf1+ 22.Qxf1 Kg7
23.Qf2 Ng8 24.Qb6 Rc7 25.Qe3 Ngf6 26.b6 Rc8 27.Na5 Ra8 28.Nc4 Qe7 29.h3 Kg8
30.Nd2 Ra5 31.Nb3 Ra3 32.Nb5 Ra4 33.Nd2 Qd8  1/2-1/2

[Event "XXIX Open A"]
[Site "Zalakaros HUN"]
[Date "2010.05.26"]
[Round "1"]
[White "Csiszar,C"]
[Black "Tesik,C"]
[Result "0-1"]
[WhiteElo "2417"]
[BlackElo "2162"]

1.d4 Nf6 2.Nf3 g6 3.c4 Bg7 4.Nc3 O-O 5.e4 d6 6.Be2 e5 7.O-O Nc6 8.d5 Ne7
9.Ne1 Nd7 10.Be3 f5 11.f3 f4 12.Bf2 g5 13.Rc1 b6 14.b4 h5 15.Nd3 Nf6 16.c5 Rf7
17.cxd6 cxd6 18.Nb5 Ng6 19.Rc6 Bf8 20.Qc2 Bd7 21.Nxd6 Bxd6 22.Rxd6 Rc8 23.Rc6 Bxc6
24.dxc6 g4 25.b5 Rg7 26.Qc4+ Kh7 27.Qe6 Nxe4 28.fxe4 f3 29.Nxe5 fxe2 30.Re1 Nxe5
31.Qxe5 Qg5 32.Qb2 g3 33.hxg3 h4 34.Qxe2 hxg3 35.Be3 Qh4 36.Qf3 Kg8 37.Bf4 Rf8
38.c7 Qh2+ 39.Kf1 Rxc7 40.Ke2 Rg7 41.e5 Qh4 42.Rf1 Rgf7 43.Qb3 Kg7 44.Rf3 Rxf4
45.Rxg3+ Rg4  0-1

[Event "2nd SCS Open"]
[Site "Bhubaneswar IND"]
[Date "2010.05.27"]
[Round "8"]
[White "Lalith,B"]
[Black "Lahiri,A"]
[Result "1-0"]
[WhiteElo "2493"]
[BlackElo "2348"]

1.Nf3 Nf6 2.c4 g6 3.Nc3 Bg7 4.e4 d6 5.d4 O-O 6.Be2 e5 7.O-O Nc6 8.d5 Ne7
9.b4 Nh5 10.Re1 f5 11.Ng5 Nf6 12.Bf3 c6 13.Bb2 h6 14.Ne6 Bxe6 15.dxe6 fxe4
16.Nxe4 Nxe4 17.Rxe4 d5 18.cxd5 cxd5 19.Rxe5 Bxe5 20.Bxe5 Qb6 21.Bb2 Rad8
22.b5 Qxe6 23.Qd4 Nf5 24.Qh8+ Kf7 25.Qh7+ Ke8 26.Bg4 Rf7 27.Qh8+ Kd7 28.Qc3 Rc8
29.Qd2 Rc4 30.Bf3 Ne7 31.Re1 Rc2 32.Qd1 Qxe1+ 33.Qxe1 Rxb2 34.a4 Rf4 35.h3 Rxa4
36.Bg4+ Rxg4 37.hxg4 Rxb5 38.Qe5 Rb6 39.f4 Re6 40.Qb8 b6 41.Qxa7+ Ke8 42.Qb8+ Kf7
43.Qh8 g5 44.f5 Rd6 45.Kf2 d4 46.Qe5 Rf6 47.Qxd4 h5 48.Qc4+ Kf8 49.Qc3 Kf7
50.gxh5 Nxf5 51.Kg1 g4 52.Qc4+  1-0

[Event "2nd SCS Open"]
[Site "Bhubaneswar IND"]
[Date "2010.05.28"]
[Round "9"]
[White "Fier,A"]
[Black "Sai,KG"]
[Result "0-1"]
[WhiteElo "2581"]
[BlackElo "2282"]

1.d4 Nf6 2.c4 g6 3.Nc3 Bg7 4.e4 d6 5.Nf3 O-O 6.Be2 e5 7.O-O Nc6 8.d5 Ne7
9.b4 Nh5 10.Re1 f5 11.Ng5 Nf6 12.Bf3 c6 13.Bb2 h6 14.Ne6 Bxe6 15.dxe6 fxe4
16.Nxe4 Nxe4 17.Rxe4 d5 18.cxd5 cxd5 19.Rxe5 Bxe5 20.Bxe5 Qb6 21.Bb2 Rad8
22.Qd2 Qxe6 23.Re1 Qf7 24.Qxh6 d4 25.Qd2 Nf5 26.Bd1 Qxa2 27.h4 Rde8 28.Rxe8 Rxe8
29.g4 Qe6 30.Kh2 Qd6+ 31.Kg2 Qd5+ 32.Kh2 Nxh4 33.Kg3 Qg2+  0-1

[Event "2nd Kahraman Olgac Mem"]
[Site "Instanbul TUR"]
[Date "2010.05.28"]
[Round "10"]
[White "Tsatsalashvili,K"]
[Black "Kanmazalp,O"]
[Result "1/2-1/2"]
[WhiteElo "2257"]
[BlackElo "2287"]

1.d4 Nf6 2.c4 g6 3.Nc3 Bg7 4.e4 d6 5.Nf3 O-O 6.Be2 e5 7.O-O Nc6 8.d5 Ne7
9.Nd2 a5 10.Rb1 Bd7 11.a3 a4 12.b4 axb3 13.Nxb3 b6 14.Ra1 Ne8 15.a4 f5 16.a5 Nf6
17.axb6 Rxa1 18.Nxa1 cxb6 19.f3 f4 20.Ba3 Nc8 21.Nb5 Ne8 22.Nc2 g5 23.Nb4 h5
24.Nc6 Qf6 25.Nb8 Qd8 26.Nc6  1/2-1/2

[Event "XXIX Open A"]
[Site "Zalakaros HUN"]
[Date "2010.06.01"]
[Round "7"]
[White "Kabai,Z"]
[Black "Racz,Z"]
[Result "0-1"]
[WhiteElo "2130"]
[BlackElo "2316"]

1.d4 Nf6 2.c4 g6 3.Nc3 Bg7 4.e4 d6 5.Nf3 O-O 6.Be2 e5 7.O-O Nc6 8.d5 Ne7
9.Ne1 Nd7 10.Nd3 f5 11.Bd2 Nf6 12.f3 f4 13.c5 g5 14.Rc1 Ng6 15.Nb5 Rf7 16.cxd6 cxd6
17.Qc2 Ne8 18.Nf2 Bd7 19.a4 Nh4 20.Qb3 h5 21.h3 Bf8 22.Rc2 a6 23.Na3 Rg7
24.Be1 Nf6 25.Nc4 b5 26.Na5 bxa4 27.Qa3 g4 28.hxg4 hxg4 29.fxg4 Qb6 30.Nc4 Qa7
31.Kh1 Rh7 32.Nh3 Bxg4 33.Bxg4 Nxg4 34.Bxh4 Rxh4 35.Rf3 Rc8 36.Qc3 Rh7 37.Qd3 a5
38.Qa3 Qd4 39.Qd3 Qxd3 40.Rxd3 Rxc4 41.Rxc4 Nf2+ 42.Kg1 Nxd3 43.Rxa4 Be7
44.Rxa5 Nxb2 45.Ra8+ Kf7 46.Nf2 Rg7  0-1

[Event "3rd Mayor's Cup"]
[Site "Mumbai IND"]
[Date "2010.06.09"]
[Round "10"]
[White "Turov,M"]
[Black "Fier,A"]
[Result "1/2-1/2"]
[WhiteElo "2624"]
[BlackElo "2581"]

1.d4 Nf6 2.c4 g6 3.Nc3 Bg7 4.e4 d6 5.Nf3 O-O 6.Be2 e5 7.O-O Nc6 8.d5 Ne7
9.Nd2 a5 10.a3 Nd7 11.Rb1 f5 12.b4 Kh8 13.Bf3 Ng8 14.c5 axb4 15.axb4 dxc5
16.bxc5 Nxc5 17.Nc4 fxe4 18.Nxe4 Nxe4 19.Bxe4 Qh4 20.f3 Nf6 21.g3 Qh5 22.Ba3 Re8
23.Qc2 Ra6 24.Rb3 Bf8 25.Qb2 Bh3 26.Re1 Ra4 27.Bxf8 Rxc4 28.Ba3 Nxe4 29.fxe4 Qg4
30.Rb4 Rxb4 31.Bxb4 b6 32.Qf2 Kg7 33.Qe2 Qd7 34.Qc4 Ra8 35.Rc1 Ra7 36.Qc3 Qe8
37.g4 Bxg4 38.Qg3 h5 39.Bc3 Kg8 40.Bxe5 Qe7 41.h3 Ra3 42.Bc3 Qxe4 43.hxg4 h4
44.Qf2 Qxg4+ 45.Kh2 Ra2 46.Qxa2 Qf4+ 47.Kg2 Qg5+ 48.Kf3 Qxc1 49.d6+ Kf8 50.Qa8+ Kf7
51.Qd5+ Kf8 52.Qa8+ Kf7 53.Qd5+ Kf8 54.Qd4 Qf1+ 55.Kg4 Qf5+ 56.Kxh4 cxd6
57.Qxd6+ Kf7 58.Qc7+ Ke8 59.Be5 g5+  1/2-1/2